[Event "Asia Clubs"]
[Site "Al Ain"]
[Date "2014.06.28"]
[Round "7.1"]
[White "Yap, Kim Steven"]
[Black "Kostenko, Petr"]
[Result "1-0"]
[WhiteElo "2419"]
[BlackElo "2484"]
[PlyCount "73"]
[EventDate "2014.06.21"]
[EventType "team-tourn"]
[EventRounds "7"]
[EventCountry "UAE"]
[SourceTitle "CBM 161 Extra"]
[Source "ChessBase"]
[SourceDate "2014.08.29"]
[SourceVersion "1"]
[SourceVersionDate "2014.08.29"]
[SourceQuality "1"]
[WhiteTeam "Tagaytay"]
[BlackTeam "Tokkata CC"]
[WhiteTeamCountry "PHI"]
[BlackTeamCountry "KAZ"]

1. e4 e5 2. Nf3 Nc6 3. Bc4 Bc5 4. c3 Nf6 5. d4 exd4 6. cxd4 Bb4+ 7. Bd2 Bxd2+ 8. Nbxd2 d5 9. exd5 Nxd5 10. 0-0 0-0 11. Ne5 Nxd4 12. Nb3 Nxb3 13. Bxd5 Nxa1 14. Bxf7+ Kh8 15. Qh5 g6 16. Nxg6+ Kg7 17. Nxf8 Qxf8 18. Bc4 Qf5 19. Qd1 b5 20. Qd4+ Qf6 21. Qd5 c6 22. Qg8+ Kh6 23. Bd3 Qg7 24. Qd8 Qxg2+ 25. Kxg2 Bh3+ 26. Kxh3 Rxd8 27. Be4 Rd2 28. Rxa1 Rxf2 29. b4 Rb2 30. a3 Rb3+ 31. Kg4 Rc3 32. Rd1 Kg7 33. Kf5 c5 34. Rd7+ Kf8 35. Kf6 Ke8 36. Bc6 cxb4 37. Rd6+ 1-0

[Event "Asia Clubs"]
[Site "Al Ain"]
[Date "2014.06.26"]
[Round "5.2"]
[White "Yap, Kim Steven"]
[Black "Omar, Noaman"]
[Result "1-0"]
[WhiteElo "2419"]
[BlackElo "2366"]
[PlyCount "95"]
[EventDate "2014.06.21"]
[EventType "team-tourn"]
[EventRounds "7"]
[EventCountry "UAE"]
[SourceTitle "CBM 161 Extra"]
[Source "ChessBase"]
[SourceDate "2014.08.29"]
[SourceVersion "1"]
[SourceVersionDate "2014.08.29"]
[SourceQuality "1"]
[WhiteTeam "Tagaytay"]
[BlackTeam "Al Ain"]
[WhiteTeamCountry "PHI"]
[BlackTeamCountry "UAE"]

1. e4 c5 2. Nf3 e6 3. d4 cxd4 4. c3 Nf6 5. e5 Nd5 6. cxd4 b6 7. Bd3 Ba6 8. 0-0 h6 9. Nc3 Nxc3 10. bxc3 Qc7 11. Bxa6 Nxa6 12. Qe2 Nb8 13. d5 exd5 14. Nd4 Qc4 15. Qh5 g6 16. Qf3 Nc6 17. Qf6 Rh7 18. Bb2 Be7 19. Qf4 Nxd4 20. cxd4 Qe2 21. Qc1 h5 22. Ba3 Qc4 23. Qe3 Bxa3 24. Qxa3 Qxd4 25. Rac1 h4 26. Rc3 a5 27. Qb2 Rd8 28. Qc1 Rh5 29. Rd1 Qe4 30. f3 Qa4 31. Rxd5 Qxa2 32. Rcd3 Kf8 33. h3 Kg7 34. Qc7 Rhh8 35. Qxb6 Rhe8 36. Qf6+ Kg8 37. Kh2 Qf2 38. Rd1 a4 39. Kh1 Rc8 40. Rxd7 Qa2 41. R1d5 Qa1+ 42. Kh2 Rf8 43. Rd4 Rce8 44. Rxf7 Rxf7 45. Qxg6+ Kf8 46. Qh6+ Rg7 47. Qh8+ Kf7 48. Rf4+ 1-0